• 首页
  • 本馆介绍
  • 公告通知
  • 最新文献
  • 馆藏检索
  • 电子资源
  • 读者导购
  • 参考咨询
  • 我的图书馆
  • 登录
  • 详细信息显示
  • 放入我的书架
  • 预约/预借图书
  • 作者相关作品
  • 分类相关作品
  • 丛书相关作品
  • 出版社相关作品

书目信息

  • 表格格式
  • 工作单格式
  • 卡片格式
题名:
湿法冶金
    
 
作者: 哈伯斯 著 ;易瑛 , 黄桂柱 译
分册:  
出版信息: 北京   冶金工业出版社  1975
页数: 307页
开本: 19cm
丛书名:
单 册:
中图分类: TF111.3
科图分类:
主题词: 湿法冶金
电子资源:
ISBN:
000 00661nam0 2200241 45
001 0175003938
005 20060418083129.50
010    @dCNY0.80
100    @a19951013d1975 em y0chiy0121 ea
101 1  @achi@ceng
102    @aCN@b110000
105    @ay z 000yy
200 10 @a湿法冶金@Ashi fa ye jin@f(美)F·哈伯斯著@F(mei)F·ha bo si zhu@g黄桂柱,易瑛译
210    @a北京@c冶金工业出版社@d1975
215    @a307页@d19cm
606    @a湿法冶金
690    @aTF111.3@v3
701  0 @a哈伯斯@Aha bo si@4著
702  0 @a易瑛@Ayi ying@4译
702  0 @a黄桂柱@Ahuang gui zhu@4译
801  2 @aCN@bNLC@c20060418
801  0 @aCN@bTSSF
905    @a10447@dTF111.3@e1
    
    湿法冶金/(美)F·哈伯斯著/黄桂柱,易瑛译.-北京:冶金工业出版社,1975
    307页;19cm
    
    
    ISBN :CNY0.80
    
●
相关链接 在E读中查询图书 在五车中查询图书 在当当中查询图书 在豆瓣中查询图书


正题名:湿法冶金     索取号:TF111.3/1         预约/预借

序号 登录号 条形码 馆藏地/架位号 状态 备注
1 0015931   202242769   密集书库/ [索取号:TF111.3/1] 在馆    
唐山师范学院图书馆 欢迎您!
大连网信软件有限公司© 版权所有